Statistics for In The Stars - Benson Boone (All Lyrics)

Click here to take the quiz!

General Stats

  • This quiz has been taken 168 times
  • The average score is 261 of 324

Answer Stats

Answer% Correct
i
99%
I
99%
You
99%
you
99%
your
98%
a
97%
A
97%
in
97%
Now
97%
to
97%
Sunday
96%
do
95%
on
95%
we
95%
where
95%
my
94%
were
94%
and
93%
favourite
93%
it
93%
mornings
93%
the
93%
stars
92%
so
89%
ever
87%
six
87%
like
86%
still
86%
don't
85%
dont
85%
gone
85%
holdin'
85%
I'm
85%
that
85%
up
85%
famous
84%
sleep
84%
used
84%
church
83%
for
83%
hair
83%
It's
83%
it's
83%
just
83%
Even
82%
never
82%
dead
81%
far
81%
felt
81%
only
81%
Road
81%
did
80%
say
80%
everything
79%
feets
79%
goodbye
79%
with
79%
'cause
78%
'Cause
78%
am
77%
forever
77%
goin'
77%
if
76%
meet
76%
this
76%
one
75%
that's
75%
thats
75%
though
75%
faith
74%
Here
74%
at
73%
know
73%
means
73%
wanna
73%
between
72%
down
72%
you're
72%
alone
71%
hurts
69%
Oh
69%
(oh)
69%
screaming
69%
believe
68%
God
67%
left
67%
million
67%
reasons
66%
best
65%
buried
65%
different
65%
heart
65%
of
65%
rest
65%
can
64%
hard
64%
heavens
64%
what
64%
took
62%
else
61%
pieces
61%
Creek
59%
Woods
55%
embers
52%
twenty
49%
last
43%
could
41%
box
40%
think
40%
got
39%
find
38%
spend
38%
way
38%
I've
37%
letters
36%
old
36%
through
36%
birthday
35%
Digging
33%
crumpled
30%
(ooh)
10%

Score Distribution

Percentile by Number Answered

Percent of People with Each Score

Your Score History

You have not taken this quiz